|
|
|
|
| LEADER |
02004nam a2200445 i 4500 |
| 001 |
EBC6956191 |
| 003 |
MiAaPQ |
| 005 |
20221125173151.0 |
| 006 |
m o d | |
| 007 |
cr cnu|||||||| |
| 008 |
221125s2022 gw a ob 000 0 eng d |
| 020 |
|
|
|z 9783837652574
|q (print)
|
| 020 |
|
|
|a 9783839452578
|q (electronic bk.)
|
| 035 |
|
|
|a (MiAaPQ)EBC6956191
|
| 035 |
|
|
|a (Au-PeEL)EBL6956191
|
| 035 |
|
|
|a (OCoLC)1304788285
|
| 040 |
|
|
|a MiAaPQ
|b eng
|e rda
|e pn
|c MiAaPQ
|d MiAaPQ
|
| 043 |
|
|
|a e-sp---
|
| 050 |
|
4 |
|a DP270
|b .M673 2022
|
| 082 |
0 |
|
|a 946.082
|2 23
|
| 100 |
1 |
|
|a Morcillo, Aurora G.,
|e author.
|
| 245 |
1 |
0 |
|a (In)visible acts of resistance in the twilight of the Franco Regime :
|b a historical narration /
|c Aurora G. Morcillo.
|
| 264 |
|
1 |
|a Bielefeld :
|b Transcript,
|c [2022]
|
| 264 |
|
4 |
|c Ã2022
|
| 300 |
|
|
|a 1 online resource (333 pages) :
|b illustrations.
|
| 336 |
|
|
|a text
|b txt
|2 rdacontent
|
| 337 |
|
|
|a computer
|b c
|2 rdamedia
|
| 338 |
|
|
|a online resource
|b cr
|2 rdacarrier
|
| 490 |
1 |
|
|a Historical gender studies ;
|v Volume 2,
|x 2627-1907
|
| 504 |
|
|
|a Includes bibliographical references (pages 289-303) and glossary.
|
| 588 |
|
|
|a Description based on print version record.
|
| 590 |
|
|
|a Electronic reproduction. Ann Arbor, MI : ProQuest, 2018. Available via World Wide Web. Access may be limited to ProQuest affiliated libraries.
|
| 650 |
|
0 |
|a Women
|z Spain
|x History
|y 20th century.
|
| 650 |
|
0 |
|a Government, Resistance to
|z Spain
|x History
|y 20th century.
|
| 651 |
|
0 |
|a Spain
|x History
|y 1939-1975.
|
| 655 |
|
4 |
|a Electronic books.
|
| 776 |
0 |
8 |
|i Print version:
|a Morcillo, Aurora G.
|t (In)visible acts of resistance in the twilight of the Franco regime : a historical narration.
|d Bielefeld : Transcript, c2022
|h 333 pages
|k Historical gender studies ; Volume 2
|z 9783837652574
|w (DLC) 2022496486
|
| 797 |
2 |
|
|a ProQuest (Firm)
|
| 830 |
|
0 |
|a Historical gender studies ;
|v Volume 2.
|
| 856 |
4 |
0 |
|u https://ebookcentral.proquest.com/lib/matrademy/detail.action?docID=6956191
|z Click to View
|